Estrategias participativas para la resolucin̤ extrajudicial de conflictos territoriales en los Estados compuestos

Detalles Bibliográficos
Autor principal: Seijas Villadangos, M® Esther
Formato: eBook
Lenguaje:español
Publicado: Madrid: Instituto Nacional de Administracin̤ Pb︢lica (INAP), 2018
Materias:
Acceso en línea:Acceso restringido

MARC

LEADER 00000nam a22000007a 4500
005 20180718235537.0
007 cr|||| ||||
008 180718s2018 es |||||s|||| 00||0 spa d
020 |a 978-84-7351-628-0 
035 |a 21829 
040 |a vLex 
090 |c 8047  |d 8047 
100 1 |a Seijas Villadangos, M® Esther 
245 1 0 |a Estrategias participativas para la resolucin̤ extrajudicial de conflictos territoriales en los Estados compuestos  |h [Recurso electrn̤ico] /  |c M® Esther Seijas Villadangos 
256 |a Servicio en ln̕ea 
260 |a Madrid:  |b Instituto Nacional de Administracin̤ Pb︢lica (INAP),  |c 2018 
300 |a 1 recurso electrn̤ico 
500 |a Estudio comparado (Canad,̀ Estados. En el primer capt̕ulo se aborda el prius del trabajo, los confictos territoriales. Para ello se parte de alertar sobre la necesidad de su configuracin̤ en un constitucionalismo global desde el que con las herramientas que provee el federalismo comparado se puede proceder a aprehender sus matices e interconexiones. As,̕ se expondr ̀el caso canadiense, donde el conflicto territorial se erige como elemento identitario de la Federacin̤ y se abordar ̀la dimensin̤ conflictiva de la Federacin̤ de los Estados Unidos (aguas, fronteras y secesin̤). El capt̕ulo segundo se centra en la premisa de utilizar las diferentes estrategias de negociacin̤, incubadas en otros m̀bitos extraǫs a la resolucin̤ de conflictos territoriales, como herramientas t︢iles que pueden coadyuvar a su resolucin̤. Para ello, se estudiar ̀desde un genřico tratamiento de la negociacin̤, las caracters̕ticas especf̕icas de diferentes procesos autocompositivos, conciliacin̤ y mediacin̤, y heterocompositivos, arbitraje. El capt̕ulo tercero se dedica a un estudio pormenorizado de los entresijos de las estrategias intergubernamentales en Canad ̀y Estados Unidos. La singularidad de este enfoque llevar ̀a discernir entre federalismo legislativo y federalismo ejecutivo. La atencin̤ a institutos singulares como la preemption ser ̀uno de sus especf̕icos contenidos. En el caso de Espaą, el protagonismo se entregar ̀a un anl̀isis pormenorizado de la aplicacin̤ del federalismo coactivo ex art. 155 CE. El capt̕ulo cuarto cierra este trabajo aportando un dato que aspira a recabar interš y que se apoya en una vocacin̤ innovadora respecto a la doctrina espaǫla, la institucin̤ de las Asambleas de Ciudadanos o convenciones deliberativas como estrategia participativa idn̤ea para la prevencin̤ y resolucin̤ de los conflictos territoriales. Tras una conceptualizacin̤ de las mismas, se formular ̀un repaso de distintas experiencias (Australia, Unin̤ Europea y Holanda), para analizar en detalle su prc̀tica en Canad,̀ concretamente en New Brunskwick y Ontario, y en Irlanda. Los retos que se trasladan al lector, entendidos como los posos que en ellos se pudiesen quedar tras su lectura, son descubrir algn︢ nuevo dato, una curiosidad ms̀ all ̀del velo de categora̕s consolidadas en el marco de las organizaciones territoriales y que estos sirvan como herramientas para estimular su reflexin̤ y su compromiso con la necesidad de habilitar cauces, estrategias para la resolucin̤ de confictos territoriales. 
506 1 |a Disponible solo en los productos indicados  |d vLex Global  |d vLex Global (Academic Edition, excluding Law Schools)  |d vLex Global (U.S. Academic Edition, Law Schools)  |d vLex Global (U.S. Academic Edition, excluding Law Schools)  |d vLex Global (Academic Edition, Law Schools) 
650 0 4 |a Derecho Pb︢lico y Administrativo  |z Espaą 
740 0 |a vLex Libros (Servicio en ln̕ea) 
856 4 0 |u http://vlex.com/source/estrategias-participativas-para-la-resolucion-extrajudicial-de-conflictos-territoriales-en-los-estados-compuestos-estudio-comparado-canada-estados-unidos-y-espa-a--21829  |z Acceso restringido 
942 |c BOOK 
999 0 |a Public and Administrative Law